<?xml version="1.0" encoding="UTF-8"?>
<collection xmlns="http://www.loc.gov/MARC21/slim">
 <record>
  <leader>04745ntm a22005297a 4500</leader>
  <controlfield tag="001">000256555</controlfield>
  <controlfield tag="003">CZ-PrVSE</controlfield>
  <controlfield tag="005">20140330194246.0</controlfield>
  <controlfield tag="006">m        d</controlfield>
  <controlfield tag="007">cr n||||||||||</controlfield>
  <controlfield tag="008">140330s2013    xr     fsbm   000 0 cze d</controlfield>
  <datafield tag="STA" ind1=" " ind2=" ">
   <subfield code="a">NEZPRACOVANÝ IMPORT</subfield>
  </datafield>
  <datafield tag="040" ind1=" " ind2=" ">
   <subfield code="a">ABA006</subfield>
   <subfield code="b">cze</subfield>
   <subfield code="c">ABA006</subfield>
   <subfield code="d">ABA006</subfield>
  </datafield>
  <datafield tag="100" ind1="1" ind2=" ">
   <subfield code="a">Leinweber, Václav</subfield>
   <subfield code="%">ISIS:77555</subfield>
   <subfield code="4">dis</subfield>
  </datafield>
  <datafield tag="242" ind1="1" ind2="0">
   <subfield code="a">Application of fuzzy set in area of corporat´s economy improvement</subfield>
   <subfield code="y">eng</subfield>
  </datafield>
  <datafield tag="245" ind1="1" ind2="0">
   <subfield code="a">Aplikace fuzzy množin v řízení výkonnosti podniku</subfield>
   <subfield code="h">[elektronický zdroj] /</subfield>
   <subfield code="c">Václav Leinweber</subfield>
  </datafield>
  <datafield tag="260" ind1=" " ind2=" ">
   <subfield code="c">2013</subfield>
  </datafield>
  <datafield tag="300" ind1=" " ind2=" ">
   <subfield code="a">?? s. :</subfield>
   <subfield code="3">digital, PDF soubor</subfield>
  </datafield>
  <datafield tag="500" ind1=" " ind2=" ">
   <subfield code="a">Vedoucí práce: Hana Scholleová</subfield>
  </datafield>
  <datafield tag="502" ind1=" " ind2=" ">
   <subfield code="a">Disertační práce (Ph.D.)—Vysoká škola ekonomická v Praze. Fakulta podnikohospodářská, 2014</subfield>
  </datafield>
  <datafield tag="504" ind1=" " ind2=" ">
   <subfield code="a">Obsahuje bibliografii</subfield>
  </datafield>
  <datafield tag="516" ind1=" " ind2=" ">
   <subfield code="a">Textový (vysokoškolská kvalifikační práce)</subfield>
  </datafield>
  <datafield tag="518" ind1=" " ind2=" ">
   <subfield code="a">Rok obhajoby 2014</subfield>
  </datafield>
  <datafield tag="520" ind1="3" ind2=" ">
   <subfield code="a">Byla zpracována rešerše Koskovy teorie a tím byla vytvořena teoretická základna, dále využitelná v procesech podnikohospodářského charakteru. Rešerše relevantních oblastí podnikové ekonomiky, které se zabývají růstem hodnoty a efektivity podniku, povede k vytvoření ekonomických nástrojů, které v rámci Koskovy teorie fuzzy množin umožní řešit vybrané otázky podnikové ekonomiky (otázku, zda investovat či nikoli, problematiku řešení neurčitosti spojené s projektem, otázku optimální finanční struktury projektu) a dále toto umožní jednak posunout vědecké poznání, jednak zde bude i jasný přínos pro praxi a pedagogiku. Doposud se nikdo nezabýval využitelností Koskovy teorie (používané zejména v elektrotechnice a informatice) v podnikových financích. Aby bylo možné využít tuto teorii fuzzy množin v dalších částech práce, bylo nutné nejprve popsat ekonomické procesy z hlediska Koskovy teorie fuzzy množin, což je zcela nová oblast vědecké činnosti, ve které dosud nikdo nepracoval. V rámci tohoto výzkumu byly definovány pojmy elemthood, subsethood a kardinalita z hlediska podnikové ekonomiky, přičemž interpretace základních pojmů z oblasti podnikových financí, jako například diskontování peněz, rating podniku a interpretace Čisté současné hodnoty (Net Present Value) na základě vztahů mezi fuzzy množinami je zcela nová. Že se nejedná o žádnou nepraktickou &quot;vědu pro vědu&quot; vidíme z toho, že rozvinutí této teorie do oblasti podnikových financí umožnilo řešení praktických problémů v případových studiích. V případových studiích byla řešena otázka neurčitosti v oblasti vývozu technologií; je totiž zřejmé, že bez dostatečného vyřešení rizika a neurčitosti spojené s projektem, banka neuvolní investiční úvěr, a proto se projekt výstavby podniku v zahraničí neuskuteční, a tedy by nedošlo ani k vývozu české technologi</subfield>
  </datafield>
  <datafield tag="520" ind1="8" ind2=" ">
   <subfield code="a">Dále byla řešena otázka možného využití teorii fuzzy množin při řešení struktury financování projektu (v tomto případě se jedná o výstavbu chladírenského centra na Ukrajině). Optimalizace finanční struktury je náročná, protože je třeba jednak dodržet pravidla Consensu OECD, jednak je třeba minimalizovat vlastní vložené zdroje a maximalizovat zdroje, pořízené prostřednictvím podpořeného financování, v našem případě České Exportní Banky. Dále byla řešena metoda, která by za pomocí fuzzy množin odpověděla na otázku, zda investovat do projektu či nikoli, a to za pomocí fuzzy množin.</subfield>
  </datafield>
  <datafield tag="538" ind1=" " ind2=" ">
   <subfield code="a">Způsob přístupu: Internet</subfield>
  </datafield>
  <datafield tag="653" ind1="0" ind2=" ">
   <subfield code="a">podniková ekonomika a management [obor disert. práce]</subfield>
  </datafield>
  <datafield tag="655" ind1=" " ind2="7">
   <subfield code="a">disertace</subfield>
   <subfield code="7">fd132024</subfield>
   <subfield code="2">czenas</subfield>
  </datafield>
  <datafield tag="655" ind1=" " ind2="9">
   <subfield code="a">dissertations</subfield>
   <subfield code="2">eczenas</subfield>
  </datafield>
  <datafield tag="690" ind1=" " ind2=" ">
   <subfield code="a">fuzzy množiny</subfield>
  </datafield>
  <datafield tag="690" ind1=" " ind2=" ">
   <subfield code="a">riziko</subfield>
  </datafield>
  <datafield tag="690" ind1=" " ind2=" ">
   <subfield code="a">nejistota</subfield>
  </datafield>
  <datafield tag="700" ind1="1" ind2=" ">
   <subfield code="a">Scholleová, Hana,</subfield>
   <subfield code="d">1964-</subfield>
   <subfield code="7">ola2003201024</subfield>
   <subfield code="4">ths</subfield>
  </datafield>
  <datafield tag="700" ind1="1" ind2=" ">
   <subfield code="a">Ivánek, Jiří,</subfield>
   <subfield code="d">1953-</subfield>
   <subfield code="7">mzk2003171460</subfield>
   <subfield code="4">opn</subfield>
  </datafield>
  <datafield tag="710" ind1="2" ind2=" ">
   <subfield code="a">Vysoká škola ekonomická v Praze.</subfield>
   <subfield code="b">Podnikohospodářská fakulta</subfield>
   <subfield code="7">kn20010709402</subfield>
  </datafield>
  <datafield tag="856" ind1="4" ind2="0">
   <subfield code="u">https://isis.vse.cz/zp/23359/podrobnosti</subfield>
   <subfield code="y">VŠKP v InSIS</subfield>
  </datafield>
  <datafield tag="856" ind1="4" ind2="0">
   <subfield code="u">https://isis.vse.cz/zp/23359</subfield>
   <subfield code="y">Hlavní práce</subfield>
  </datafield>
  <datafield tag="856" ind1="4" ind2="0">
   <subfield code="u">https://isis.vse.cz/zp/23359/posudek/oponent/35213</subfield>
   <subfield code="y">Oponentura</subfield>
  </datafield>
  <datafield tag="856" ind1="4" ind2="0">
   <subfield code="u">https://isis.vse.cz/zp/23359/posudek/oponent/35214</subfield>
   <subfield code="y">Oponentura</subfield>
  </datafield>
  <datafield tag="856" ind1="4" ind2="0">
   <subfield code="u">https://isis.vse.cz/zp/23359/posudek/oponent/35215</subfield>
   <subfield code="y">Oponentura</subfield>
  </datafield>
  <datafield tag="856" ind1="4" ind2="0">
   <subfield code="u">https://isis.vse.cz/zp/23359/priloha/9344</subfield>
   <subfield code="y">Přiloha k práci</subfield>
  </datafield>
  <datafield tag="999" ind1="4" ind2="0">
   <subfield code="u">http://isis.vse.cz/zp/98796/podrobnosti</subfield>
   <subfield code="y">dc:identifier</subfield>
  </datafield>
  <datafield tag="993" ind1=" " ind2=" ">
   <subfield code="x">NEPOSILAT</subfield>
   <subfield code="y">VSKP</subfield>
  </datafield>
  <datafield tag="999" ind1="4" ind2="5">
   <subfield code="x">98796</subfield>
  </datafield>
  <datafield tag="999" ind1="4" ind2="9">
   <subfield code="a">vse23359</subfield>
   <subfield code="b">140329</subfield>
  </datafield>
 </record>
</collection>
